<?xml version="1.0" encoding="UTF-8"?>
<record
    xmlns:xsi="http://www.w3.org/2001/XMLSchema-instance"
    xsi:schemaLocation="http://www.loc.gov/MARC21/slim http://www.loc.gov/standards/marcxml/schema/MARC21slim.xsd"
    xmlns="http://www.loc.gov/MARC21/slim">

  <leader>01599ngc a22002051u 4500</leader>
  <controlfield tag="007">ta</controlfield>
  <controlfield tag="008">110711s2006    ua|||||s|||| 00| 0 ara d</controlfield>
  <datafield tag="082" ind1="0" ind2="4">
    <subfield code="a">791.4372</subfield>
    <subfield code="b">&#x623; &#x631; &#x636;</subfield>
    <subfield code="2">22</subfield>
  </datafield>
  <datafield tag="245" ind1="0" ind2="0">
    <subfield code="a">&#x623;&#x631;&#x636; &#x627;&#x644;&#x646;&#x633;&#x627;&#x621;</subfield>
    <subfield code="h">[&#x62A;&#x633;&#x62C;&#x64A;&#x644; &#x645;&#x631;&#x626;&#x64A;] /</subfield>
    <subfield code="c">&#x625;&#x646;&#x62A;&#x627;&#x62C; &#x623;&#x641;&#x644;&#x627;&#x645; &#x645;&#x635;&#x631; &#x627;&#x644;&#x639;&#x627;&#x644;&#x645;&#x64A;&#x629; &#x628;&#x645;&#x634;&#x627;&#x631;&#x643;&#x629; &#x623;&#x648;&#x646;&#x64A;&#x648;&#x646; &#x628;&#x64A;&#x643;&#x62A;&#x634;&#x631;&#x632;&#x60C; &#x632;&#x646;&#x62A;&#x631;&#x648;&#x628;&#x627;&#x60C; &#x625;&#x62E;&#x648;&#x627;&#x646; &#x634;&#x641;&#x64A;&#x642; &#x641;&#x62A;&#x62D; &#x627;&#x644;&#x644;&#x647;&#x61B; &#x625;&#x62E;&#x631;&#x627;&#x62C; &#x62C;&#x627;&#x646; &#x62E;&#x644;&#x64A;&#x644; &#x634;&#x645;&#x639;&#x648;&#x646; </subfield>
  </datafield>
  <datafield tag="246" ind1=" " ind2=" ">
    <subfield code="a">Women Beyond Borders</subfield>
  </datafield>
  <datafield tag="260" ind1=" " ind2=" ">
    <subfield code="a">&#x633;&#x64A;&#x627;&#x62A;&#x644; :</subfield>
    <subfield code="b">&#x623;&#x641;&#x644;&#x627;&#x645; &#x645;&#x635;&#x631; &#x627;&#x644;&#x639;&#x627;&#x644;&#x645;&#x64A;&#x629;&#x60C;</subfield>
    <subfield code="c">2006.</subfield>
  </datafield>
  <datafield tag="300" ind1=" " ind2=" ">
    <subfield code="a">1 &#x642;&#x631;&#x635; &#x636;&#x648;&#x626;&#x64A; &#x645;&#x644;&#x64A;&#x632;&#x631; (59&#x62F;&#x642;) :</subfield>
    <subfield code="b">&#x631;&#x642;&#x645;&#x64A; &#x61B;</subfield>
    <subfield code="c">4 3/4 &#x628;&#x648;</subfield>
  </datafield>
  <datafield tag="520" ind1=" " ind2=" ">
    <subfield code="a">&#x64A;&#x62D;&#x643;&#x64A; &#x627;&#x644;&#x641;&#x64A;&#x644;&#x645; &#x642;&#x635;&#x629; &#x62C;&#x64A;&#x644;&#x64A;&#x646; &#x645;&#x646; &#x646;&#x633;&#x627;&#x621; &#x641;&#x644;&#x633;&#x637;&#x64A;&#x646; &#x627;&#x644;&#x631;&#x627;&#x626;&#x62F;&#x627;&#x62A; &#x645;&#x646; &#x62E;&#x644;&#x627;&#x644; &#x627;&#x644;&#x62A;&#x62C;&#x631;&#x628;&#x629; &#x627;&#x644;&#x642;&#x627;&#x633;&#x64A;&#x629; &#x644;&#x643;&#x641;&#x627;&#x62D; &#x639;&#x641;&#x64A;&#x641;&#x64A; &#x62F;&#x627;&#x62E;&#x644; &#x645;&#x639;&#x62A;&#x642;&#x644; &#x627;&#x644;&#x62E;&#x64A;&#x627;&#x645; &#x627;&#x644;&#x630;&#x64A; &#x634;&#x64A;&#x62F;&#x647; &#x627;&#x644;&#x645;&#x62D;&#x62A;&#x644; &#x627;&#x644;&#x625;&#x633;&#x631;&#x627;&#x626;&#x64A;&#x644;&#x64A; &#x628;&#x62C;&#x646;&#x648;&#x628; &#x644;&#x628;&#x646;&#x627;&#x646;. &#x62A;&#x62D;&#x643;&#x64A; &#x643;&#x641;&#x627;&#x62D; &#x623;&#x62D;&#x644;&#x627;&#x645;&#x647;&#x627; &#x648;&#x637;&#x645;&#x648;&#x62D;&#x627;&#x62A;&#x647;&#x627; &#x628;&#x639;&#x62F; &#x62A;&#x62D;&#x631;&#x64A;&#x631;&#x647;&#x627; &#x648;&#x62A;&#x648;&#x627;&#x635;&#x644;&#x647;&#x627; &#x645;&#x639; &#x623;&#x62C;&#x64A;&#x627;&#x644; &#x641;&#x644;&#x633;&#x637;&#x64A;&#x646;&#x64A;&#x629; &#x633;&#x628;&#x642;&#x62A;&#x647;&#x627; . &#x646;&#x62A;&#x639;&#x631;&#x641; &#x639;&#x628;&#x631; &#x62D;&#x643;&#x627;&#x64A;&#x62A;&#x647;&#x627; &#x639;&#x644;&#x649; &#x627;&#x644;&#x634;&#x627;&#x639;&#x631;&#x629; &#x641;&#x62F;&#x648;&#x649; &#x637;&#x648;&#x642;&#x627;&#x646; &#x648;&#x62A;&#x62C;&#x631;&#x628;&#x62A;&#x647;&#x627; &#x641;&#x64A; &#x633;&#x62C;&#x646; &#x623;&#x633;&#x631;&#x62A;&#x647;&#x627; &#x60C; &#x648;&#x633;&#x645;&#x64A;&#x62D;&#x629; &#x627;&#x644;&#x62E;&#x644;&#x64A;&#x644; &#x627;&#x644;&#x62A;&#x64A; &#x642;&#x627;&#x648;&#x645;&#x62A; &#x637;&#x648;&#x627;&#x644; &#x62D;&#x64A;&#x627;&#x62A;&#x647;&#x627; &#x62F;&#x641;&#x627;&#x639;&#x627; &#x639;&#x646; &#x627;&#x644;&#x639;&#x62F;&#x627;&#x644;&#x629; &#x648;&#x627;&#x644;&#x633;&#x644;&#x627;&#x645;</subfield>
  </datafield>
  <datafield tag="546" ind1=" " ind2=" ">
    <subfield code="a">&#x628;&#x627;&#x644;&#x644;&#x63A;&#x629; &#x627;&#x644;&#x639;&#x631;&#x628;&#x64A;&#x629; &#x648;&#x645;&#x62A;&#x631;&#x62C;&#x645; &#x625;&#x644;&#x649; &#x627;&#x644;&#x625;&#x646;&#x62C;&#x644;&#x64A;&#x632;&#x64A;&#x629; &#x648;&#x627;&#x644;&#x641;&#x631;&#x646;&#x633;&#x64A;&#x629;</subfield>
  </datafield>
  <datafield tag="650" ind1=" " ind2=" ">
    <subfield code="a">&#x627;&#x644;&#x646;&#x632;&#x627;&#x639; &#x627;&#x644;&#x639;&#x631;&#x628;&#x64A; &#x627;&#x644;&#x627;&#x633;&#x631;&#x627;&#x626;&#x64A;&#x644;&#x64A;</subfield>
    <subfield code="9">26248</subfield>
    <subfield code="z">&#x644;&#x628;&#x646;&#x627;&#x646;</subfield>
    <subfield code="2">BUEsh</subfield>
  </datafield>
  <datafield tag="651" ind1=" " ind2=" ">
    <subfield code="2">BUEsh</subfield>
  </datafield>
  <datafield tag="700" ind1=" " ind2=" ">
    <subfield code="9">26255</subfield>
    <subfield code="a">&#x634;&#x645;&#x639;&#x648;&#x646;&#x60C; &#x62C;&#x627;&#x646; &#x62E;&#x644;&#x64A;&#x644;</subfield>
  </datafield>
  <datafield tag="710" ind1=" " ind2=" ">
    <subfield code="9">26256</subfield>
    <subfield code="a">&#x623;&#x641;&#x644;&#x627;&#x645; &#x645;&#x635;&#x631; &#x627;&#x644;&#x639;&#x627;&#x644;&#x645;&#x64A;&#x629;</subfield>
  </datafield>
  <datafield tag="942" ind1=" " ind2=" ">
    <subfield code="2">ddc</subfield>
    <subfield code="c">CDVDMOV</subfield>
  </datafield>
  <datafield tag="999" ind1=" " ind2=" ">
    <subfield code="c">5148</subfield>
    <subfield code="d">5148</subfield>
  </datafield>
  <datafield tag="952" ind1=" " ind2=" ">
    <subfield code="0">0</subfield>
    <subfield code="1">0</subfield>
    <subfield code="2">ddc</subfield>
    <subfield code="4">0</subfield>
    <subfield code="7">0</subfield>
    <subfield code="a">MAIN</subfield>
    <subfield code="b">MAIN</subfield>
    <subfield code="c">2ND</subfield>
    <subfield code="d">2011-07-11</subfield>
    <subfield code="e">Purchase</subfield>
    <subfield code="l">2</subfield>
    <subfield code="m">2</subfield>
    <subfield code="o">791.4372 &#x623; &#x631; &#x636;</subfield>
    <subfield code="p">000006075</subfield>
    <subfield code="r">2022-10-04 00:00:00</subfield>
    <subfield code="s">2022-10-04</subfield>
    <subfield code="w">2007-10-18</subfield>
    <subfield code="y">CDVDMOV</subfield>
  </datafield>
</record>
